Προσκύνημα στη Νικαριά :

Αποθηκεύτηκε σε:
Λεπτομέρειες βιβλιογραφικής εγγραφής
Κύριος συγγραφέας: Μοσκόβης, Βασίλης Ε. 1915-1994
Μορφή: Βιβλίο
Γλώσσα:Greek
Δημοσίευση: Αθήνα : [χ.ό.], 1988.
Θέματα:
Ετικέτες: Προσθήκη ετικέτας
Δεν υπάρχουν, Καταχωρήστε ετικέτα πρώτοι!

MARC

LEADER 00000nam a2200000 i 4500
001 1/74845
008 961209s1988####gr | ||| |||| ||gre||
035 |a 1989  |b 2  |c Δωρεά  |l 10031957 
040 |a GR-MY-UA  |b gre  |e aacr 
041 0 |a gre 
082 7 |a 390.09499  
100 1 |a Μοσκόβης, Βασίλης Ε.  |d 1915-1994. 
245 1 0 |a Προσκύνημα στη Νικαριά :   |h [ανάτυπο] /   |c Βασίλη Μοσκόβη.  
260 |a Αθήνα :   |b [χ.ό.],   |c 1988.  
300 |a 11 σ. (6-16 σ.) ;   |c 22 εκ.  
500 |a Ανάτυπο από το περιοδικό "Ικαριακά" έτος 30ο, Περίοδος Γ', τεύχος 29085, Δεκέμβρης 1988. 
500 |a Πώς μας βλέπουν οι φίλοι μας.  
650 0 0 |a Folklore  |z Greece  |z Ikaria Island. 
651 0 |a Ikaria Island (Greece)  |x Social life and customs. 
852 |a INST  |b RHODES  |e 19961209  |h 390.09499 ΜΟΣ  |p 005400010397  |q 005400010397  |t BK  |y 12 
852 |a INST  |b RHODES  |e 20170327  |h 390.09499 ΜΟΣ  |p 005400039232  |q 005400039232  |t BK  |y 0 
920 |a Κουτούφαρης  |y Ρόδος  |z 2017-03 
909 |a Ρ  |b 012509